Analýza a optimalizácia foriem tímovej práce pri realizácii projektov v podniku Matador Holding, a.s.

Salvato in:
Dettagli Bibliografici
Autore principale: Debnárová, Lucia, 1989- (Autore)
Altri autori: Samáková, Jana, 1984- (Relatore della tesi)
Natura: Manoscritto Libro
Lingua:inglese
Pubblicazione: Trnava : STU v Bratislave MTF UPMK, 2014
Soggetti:
Accesso online:VAIS
Tags: Aggiungi Tag
Nessun Tag, puoi essere il primo ad aggiungerne!!

MARC

LEADER 00000ntm a22000003a 4500
001 stu292478
005 20150617230259.6
008 140626s2014----xo------------------eng-d
040 |a STU  |b slo 
041 0 |a eng 
044 |a xo 
100 1 |a Debnárová, Lucia,  |d 1989-  |4 aut  |u M  |T MTF Materiálovotechnologická fakulta  |X 55091  |U M  |Y 60  |7 A000055091 
242 0 0 |a Analysis and optimization of teamwork forms in the implementation of projects in Matador Holding, p.l.c.  |y eng 
245 1 |a Analýza a optimalizácia foriem tímovej práce pri realizácii projektov v podniku Matador Holding, a.s. 
260 |a Trnava :  |b STU v Bratislave MTF UPMK,  |c 2014 
300 |a 93s  |c CD 
650 7 |a priemyselné manažérstvo  |2 stusub 
650 7 |a Industrial Management  |2 estusub 
650 7 |a teamwork  |2 estusub 
650 7 |a project management  |2 estusub 
650 7 |a tímová práca  |2 stusub 
650 7 |a projektový manažment  |2 stusub 
700 1 |a Samáková, Jana,  |d 1984-  |4 ths  |u M4000  |U MTF Materiálovotechnologická fakulta  |T MTF Ústav priemyselného inžinierstva a manažmentu  |X 33101  |U M4000  |Y 84  |7 A000033101 
856 4 |a info a plný text  |u http://is.stuba.sk/zp/portal_zp.pl?podrobnosti=99184  |3 VAIS 
996 |c M*DP-12031  |l MMSKP  |s P  |a 0  |w stu292478_0001